| 000 | 01148cam a22003377a 4500 | ||
|---|---|---|---|
| 001 | 1056 | ||
| 005 | 20230815141940.0 | ||
| 008 | 070117s2006 nyu j 000 1 eng d | ||
| 020 | _a9780439888127 | ||
| 020 | _a0439888123 | ||
| 040 |
_aSRB _cSRB _dDLC _beng |
||
| 050 | 0 | 0 |
_aPZ7.E2564 _bSan 2006 |
| 082 | 0 | 0 |
_a[Fic] _222 |
| 100 | 1 | _aEdwards, Kris | |
| 245 | 1 | 0 |
_aSanta Paws on Christmas Island / _cby Kris Edwards ; [cover illustration by Robert Hunt]. |
| 260 |
_aNew York : _bScholastic, _c2006. |
||
| 300 |
_a132 pages : _c20 cm |
||
| 500 | _a"An Apple paperback"--T.p. | ||
| 505 | _aR | ||
| 520 | _aSanta Paws and the Callahan family are spending Christmas on a sunny Florida island. While the family tries to enjoy their vacation, Santa Paws is hard at work saving the day. | ||
| 521 |
_a700
_bLexile |
||
| 521 |
_aR
_bRaz-Plus |
||
| 650 | 0 |
_aRescue dogs _vJuvenile fiction. |
|
| 650 | 0 | _aAnimal stories. | |
| 650 | 0 | _aChristmas stories. | |
| 650 | 1 |
_aDogs _vFiction. |
|
| 650 | 1 |
_aChristmas _vFiction. |
|
| 700 | 1 |
_aHunt, Robert _d1952- |
|
| 906 |
_a7 _bcbc _ccopycat _d2 _encip _f20 _gy-gencatlg |
||
| 942 |
_2ddc _cBK _n0 |
||
| 999 |
_c1056 _d1056 |
||